WTO AT TEN / (Record no. 154607)
[ view plain ]
| 000 -LEADER | |
|---|---|
| fixed length control field | 00692nam a22002297a 4500 |
| 003 - CONTROL NUMBER IDENTIFIER | |
| control field | dpl |
| 005 - DATE AND TIME OF LATEST TRANSACTION | |
| control field | 20180722154404.0 |
| 008 - FIXED-LENGTH DATA ELEMENTS--GENERAL INFORMATION | |
| fixed length control field | 180722b xxu||||| |||| 00| 0 eng d |
| 020 ## - INTERNATIONAL STANDARD BOOK NUMBER | |
| International Standard Book Number | 8122006973 |
| Terms of availability | 550.00 |
| 035 ## - SYSTEM CONTROL NUMBER | |
| System control number | B-162137 |
| 040 ## - CATALOGING SOURCE | |
| Original cataloging agency | DPL |
| Language of cataloging | EN |
| Transcribing agency | 0 |
| 082 ## - DEWEY DECIMAL CLASSIFICATION NUMBER | |
| Classification number | 382.92 |
| 245 ## - TITLE STATEMENT | |
| Title | WTO AT TEN / |
| Remainder of title | Looking Back to Look Beyond |
| Statement of responsibility, etc | Edited by Bibek Debroy [and] Mohammed Sadiq |
| 260 ## - PUBLICATION, DISTRIBUTION, ETC. (IMPRINT) | |
| Place of publication, distribution, etc | New Delhi |
| Name of publisher, distributor, etc | Konark Publishers Pvt Ltd |
| Date of publication, distribution, etc | 2005 |
| 300 ## - PHYSICAL DESCRIPTION | |
| Extent | _v:vii,334.; |
| Dimensions | 22cm |
| 440 ## - SERIES STATEMENT/ADDED ENTRY--TITLE | |
| Volume number/sequential designation | volume 1 |
| 500 ## - GENERAL NOTE | |
| General note | includes index |
| 505 ## - FORMATTED CONTENTS NOTE | |
| Formatted contents note | vol 1-Development Through Trade |
| 700 ## - ADDED ENTRY--PERSONAL NAME | |
| Personal name | Debroy,Bibek, Ed |
| 700 ## - ADDED ENTRY--PERSONAL NAME | |
| Personal name | Saqib Mohammed, Ed |
| 942 ## - ADDED ENTRY ELEMENTS (KOHA) | |
| Source of classification or shelving scheme | Dewey Decimal Classification |
| Koha item type | English Books |
| Classification part | 382.92 |
| Call number suffix | WTO |
| Withdrawn status | Lost status | Source of classification or shelving scheme | Damaged status | Not for loan | Collection code | Home library | Current library | Date acquired | Total Checkouts | Full call number | Barcode | Date last seen | Price effective from | Koha item type |
|---|---|---|---|---|---|---|---|---|---|---|---|---|---|---|
| Dewey Decimal Classification | Non-fiction | Sarojini Nagar | Sarojini Nagar | 07/03/2019 | 382.92 WTO | B-162143 | 07/03/2019 | 07/03/2019 | English Books | |||||
| Dewey Decimal Classification | Non-fiction | Sarojini Nagar | Sarojini Nagar | 09/03/2019 | 382.92 WTO | B-162138 | 09/03/2019 | 09/03/2019 | English Books |
